[Event "Lvov zt"]
[Site "Lvov"]
[Date "1990.??.??"]
[Round "?"]
[White "Dvoirys, Semen I"]
[Black "Rozentalis, Eduardas"]
[Result "1/2-1/2"]
[WhiteElo "2535"]
[BlackElo "2520"]
[Annotator "Schussler,H"]
[PlyCount "116"]
[EventDate "1990.02.??"]
[EventType "swiss"]
[EventRounds "9"]
[EventCountry "URS"]
[SourceTitle "CBM 018"]
[Source "ChessBase"]
[SourceDate "1990.10.01"]
[SourceVersion "1"]
[SourceVersionDate "1990.10.01"]
[SourceQuality "1"]

1. e4 e5 2. Nf3 Nf6 3. Nxe5 d6 4. Nf3 Nxe4 5. d4 d5 6. Bd3 Bd6 7. O-O O-O 8. c4
c6 9. Nc3 Nxc3 10. bxc3 Bg4 11. cxd5 cxd5 12. Rb1 b6 13. Rb5 Bc7 14. h3 (14. c4
dxc4 $5 15. Be4 Nc6 16. Rg5 $1 Bxf3 17. Qxf3 Qd6 18. Rg3 $1 {Short-Timman, (m),
Hilversum 1989}) 14... a6 15. Rxd5 $5 Qxd5 16. hxg4 Nc6 17. Ng5 h6 18. Ne4 Rad8
19. g5 Rfe8 20. Re1 Nxd4 21. cxd4 Qxd4 22. Qc2 Qxd3 23. Qxc7 Rc8 24. Qb7 Rxc1
25. Rxc1 Qxe4 26. Qxb6 Qf4 27. Rf1 Re6 28. Qd8+ Kh7 29. Qd3+ Qe4 30. Qxe4+ Rxe4
31. gxh6 Kxh6 32. Rd1 Ra4 33. Rd2 Kg5 34. Kf1 f5 35. g3 Ra3 36. Kg2 g6 37. Rc2
Kh5 38. Rd2 a5 39. Rc2 a4 40. Rd2 g5 41. Rc2 Kg4 42. Rc4+ f4 43. gxf4 gxf4 44.
Rc2 Kf5 45. Rb2 Rc3 46. Rb4 a3 47. Ra4 Kg4 48. Ra8 Kf5 49. Ra4 Ke5 50. Ra5+ Kd4
51. Ra4+ Kc5 52. Rxf4 Rc2 53. Ra4 Rxa2 54. Kg3 Kb5 55. Ra8 Kb4 56. Rb8+ Kc3 57.
Ra8 Ra1 58. f4 Kb3 1/2-1/2

[Event "Brussels SWIFT"]
[Site "Brussels"]
[Date "1986.??.??"]
[Round "?"]
[White "Karpov, Anatoly"]
[Black "Seirawan, Yasser"]
[Result "1-0"]
[WhiteElo "2700"]
[BlackElo "2605"]
[Annotator "Seirawan,Y"]
[PlyCount "149"]
[EventDate "1986.03.??"]
[EventType "tourn"]
[EventRounds "11"]
[EventCountry "BEL"]
[EventCategory "13"]
[SourceTitle "CBM 001"]
[Source "ChessBase"]
[SourceDate "2004.01.01"]
[SourceVersion "1"]
[SourceVersionDate "2004.01.01"]
[SourceQuality "1"]

1. e4 e5 2. Nf3 Nf6 3. Nxe5 (3. d4 Nxe4 4. Bd3 d5 5. Nxe5 Nd7 6. Nxd7 $5) 3...
d6 4. Nf3 Nxe4 5. d4 d5 6. Bd3 Be7 7. O-O Nc6 8. c4 Nb4 9. Be2 Be6 10. Nc3 O-O
11. Be3 f5 $5 {Diagram #} 12. a3 $1 (12. cxd5 $6 Nxd5 13. Nxe4 fxe4 14. Ne5
Nxe3 15. fxe3 Rxf1+ 16. Qxf1 Bg5) (12. c5 $5 f4 13. Bc1 Nc6 14. Qb3 Ng5 15. Rd1
Qd7 16. Qxb7 $5 Nxf3+ 17. Bxf3 Rab8 18. Qa6 Bf6 19. Ne2 g5 20. h3 Rb4 21. a3
Rxd4 22. Nxd4 Nxd4) 12... Nxc3 (12... Nc6 $2 13. Nxd5 Bxd5 14. cxd5 Qxd5 15.
Rc1) 13. bxc3 Nc6 14. Qa4 $5 (14. cxd5 Bxd5 15. c4 Bxf3 16. Bxf3 f4 17. Bd5+
Kh8 18. Bc1 Nxd4 19. Rb1 Bc5 20. Bb2 $6 Qf6) 14... f4 15. Bd2 Kh8 16. Rab1 Rb8
17. Rfe1 dxc4 (17... a6 $5 18. c5 $1 (18. Bd3 dxc4 19. Bxc4 Bg4)) 18. Bxc4 Bg4
19. Be2 Bd6 (19... a6 $5 20. h3 Bh5 21. Ng5 Bxe2 $1 (21... Bxg5 $2 22. Bxh5 f3
23. Bxg5 Qxg5 24. Bxf3 $1 Rxf3 25. Qxc6 $1) 22. Ne6 Qd5 23. Rxe2 f3 $1 24. Ree1
$2 (24. Re3 $8) 24... fxg2 25. Nxf8 Rxf8 26. Qd1 Qf5 27. Kxg2 Qxf2+ 28. Kh1 Rf3
$19 {M.Rohde-Y.Seirawan, 1986 US Championship.}) 20. h3 Bh5 {Diagram #} 21. Rb5
$1 Be8 $2 (21... Bg6 22. c4 {Big advantage for White, A.Karpov.} (22. c4) (22.
Ng5 $5 Re8 23. Qc4 Qf6 24. Bd3 Rxe1+ 25. Bxe1 a6 $1 26. Bxg6 axb5 27. Nf7+ Kg8
28. Nh6+ (28. Nxd6+ $4 bxc4 $19) 28... Kf8 $5 29. Qg8+ Ke7 30. Qxh7 Rf8 31. f3
Kd7 32. Ng4 Qe6 33. Bf2) 22... a6 $1 23. Rb2 (23. Rbb1 $2 Bxb1) (23. Rb3 $2 Bc2
) (23. Rd5 $2 Be4) 23... Qf6 24. Bc3 (24. c5 $2 Bxc5) 24... Be4 25. Qd1 Rbe8 $1
26. Rxb7 Bxf3 27. Bxf3 Rxe1+ 28. Qxe1 Nxd4 $11 29. Qd1 (29. Bd1 f3 30. g3 $4
Bxg3) 29... Ne2+ 30. Qxe2 Qxc3) 22. Qc2 $1 a6 23. Rf5 $1 Rxf5 24. Qxf5 Bg6 25.
Qg4 $1 Qf6 26. Bc4 Rf8 27. a4 $1 Bc2 (27... Ne7 28. Ne5) (27... Bf5 28. Qg5 h6
29. Qxf6 Rxf6 30. Re8+ Kh7 31. Ne5) (27... h6 $4 28. Re6 $16) 28. Qh5 (28. Ng5
$1 Bf5 29. Ne4 $1 Bxg4 30. Nxf6 Bxh3 31. Nxh7 Kxh7 32. gxh3) 28... h6 $6 (28...
g6 29. Qd5 Bxa4 30. Ne5 Nd8 $5) (28... Bxa4 29. Ng5 h6 30. Nf7+ Kh7 31. Re6 $18
) 29. Re8 $1 Bf5 (29... Bxa4 $2 30. Re6 Qf5 31. Qxf5 Rxf5 32. Nh4 $16) (29...
Bg6 30. Rxf8+ Bxf8 31. Qd5 $140 $1 {Qd5-g8 checkmate.}) 30. Bd5 $1 Bd7 31.
Rxf8+ Qxf8 32. Nh4 Be8 33. Qe2 $1 {Diagram #} (33. Ng6+ $2 Bxg6 34. Qxg6 Ne7
35. Qe4 Nxd5 36. Qxd5) 33... Nd8 $2 34. Qe4 Qe7 35. Ng6+ Bxg6 36. Qxg6 c6 37.
Bb3 b5 38. Kf1 Qf8 39. Bc2 Kg8 40. Bb3+ Kh8 41. h4 $6 (41. c4 $1 bxc4 (41...
bxa4 42. Bxa4 c5 43. Bc2 Kg8 44. Qh7+ Kf7 45. dxc5 Bxc5 46. Bxf4) 42. Bxc4)
41... Nb7 42. c4 Qg8 43. Qd3 $2 (43. d5 $1 cxd5 44. cxb5 axb5 45. Bc3 Qh7 46.
Qe8+ Qg8 47. Qxg8+ Kxg8 48. Bxd5+ $18) (43. Bc2 $3 Qxc4+ 44. Bd3 Qg8 45. Bc3 b4
46. Bb2 $18 {J.Timman}) 43... Qh7 44. Ke2 g5 45. c5 Bc7 46. axb5 axb5 47. h5
Ba5 {Diagram #} 48. Bc1 $2 (48. Qxh7+ Kxh7 49. d5 $1 Bc7 50. d6 (50. dxc6 Nxc5
51. Bd5 $16) 50... Ba5 $1) 48... Qe7+ 49. Kd1 (49. Kf3 g4+ 50. Kxg4 Qg5+ 51.
Kf3 Qxh5+) 49... Qe1+ 50. Kc2 Qxf2+ 51. Kb1 Qg3 52. Qxg3 (52. Qd1 $1 Qxg2 (
52... Bd8 53. Bb2 Bf6 54. d5 Bxb2 55. dxc6 $18) 53. d5 $1 Qe4+ 54. Bc2 $18)
52... fxg3 53. Kc2 $2 $14 {A.Karpov} (53. Bb2 $1 Kg7 (53... Kh7 54. Kc2) 54.
d5+ Kf8 55. dxc6 Nd8 (55... Nxc5 56. Ba3 $1 b4 57. Bxb4 Bxb4 58. c7) 56. Bd5
$18) 53... Kg7 54. d5 Nxc5 55. Bb2+ Kf8 56. dxc6 Na6 $1 {Diagram #} 57. Ba3+ $1
Ke8 $1 58. Be6 $1 Bb4 $1 59. Bb2 (59. c7 $2 Nxc7) 59... Bf8 $2 (59... Be7 60.
Bd7+ Kd8 61. Bg7 Nb8 62. c7+ $1 (62. Bxh6 $2 Nxd7 63. cxd7 Kxd7 64. Bg7 Ke6 65.
h6 Kf7) 62... Kxc7 63. Bxb5 $18 {J.Timman}) (59... Bd6 $1 60. Bg7 Nb4+ 61. Kd1
Ke7 $3 62. Bd7 Nd5 63. Bxh6 Kf6 {Diagram #} 64. Kd2 (64. Be8 $2 Ne3+ 65. Kd2
Nf5 $1 66. Bf8 Bxf8 67. c7 Nd6) (64. Kc1 Ne3 65. Bh3 (65. Bf8 Bf4) 65... g4 66.
Bxe3 gxh3 67. gxh3 g2 {Diagram #} 68. Kd1 Bf4 $1 69. Bg1 $6 (69. Bd4+ Be5 70.
Be3 Bf4 $11) 69... Ke6 70. Ke2 b4 $17) 64... b4 65. Kc2 Ne3+ 66. Kb3 Nxg2 67.
Bf8 $1 Bc7 68. h6 Nf4 69. Be8 (69. h7 Ng6 70. Bh3 Kf7 71. Bh6 Nh8 72. Bxg5 Kg6
$11) 69... g2 70. h7 g1=Q 71. h8=Q+ {Diagram #} Kf5 72. Qh7+ Kg4 73. Qxc7 $4
Qd1+ $19) 60. Bd7+ Kd8 61. Be5 Nb4+ 62. Kd2 {Diagram #} Nd5 {My sealed move.}
63. Be6 Nc7 (63... Bb4+ $8 {A.Karpov} 64. Kc2 (64. Ke2 $2 Nf4+ $11) (64. Kd1 $2
Bc3 $1 $11) (64. Kd3 $2 Nf4+ $11) 64... Nc7 65. Bf7 Na6 66. Bg7 Ke7 67. Bg6 Ba5
(67... Bd6 $1 68. Kd1 Nb4 69. Be4 Na2 70. Bf5 Nb4 71. Bd7 $18 {J.Timman}) 68.
Kd1 $16 {A.Karpov}) 64. Bf7 Ne8 $2 (64... b4 $8 65. Kd3 Nb5 66. Bd5 Bd6 67. Bg7
Ke7 68. Bxh6 $2 Kf6) 65. Bxe8 $1 Kxe8 66. Bf6 $1 g4 67. Kc3 Bd6 68. Bg7 Bf4 69.
Kb4 Kd8 70. Kxb5 Kc7 71. Kc5 Be3+ 72. Kd5 Bf4 73. Bf8 $22 Kb6 74. Bd6 Bg5 75.
Bxg3 1-0

[Event "FIDE Chess.com Grand Swiss"]
[Site "Douglas"]
[Date "2019.10.20"]
[Round "10"]
[White "Sethuraman, SP."]
[Black "Shirov, Alexei"]
[Result "1-0"]
[WhiteElo "2624"]
[BlackElo "2664"]
[Annotator "Sethuraman,SP"]
[PlyCount "83"]
[EventDate "2019.10.10"]
[EventType "swiss"]
[EventRounds "11"]
[EventCountry "IOM"]
[SourceTitle "CBM 193 Extra"]
[Source "ChessBase"]
[SourceDate "2020.01.31"]
[SourceVersion "1"]
[SourceVersionDate "2020.01.31"]
[SourceQuality "1"]

{[%evp 0,83,22,29,24,24,40,34,30,28,28,28,32,20,20,17,20,21,29,27,25,25,34,32,
28,28,32,30,79,33,33,38,33,-13,-12,-14,0,-17,-17,-13,-7,-2,6,14,10,31,62,52,
114,109,106,82,86,68,68,76,65,61,133,137,137,144,148,148,137,137,194,201,226,
234,234,235,242,242,241,224,262,253,335,339,348,367,404,390,390,395]} {After
my sixth round victory against the strong Israeli GM Rodshtein, I made a few
draws against strong opposition with every game almost lasting for 6-7 hours.
This was the penultimate round and I was eagerly looking forward to break my
drawing streak.} 1. e4 e5 2. Nf3 Nf6 {Petroff from Shirov is the most unlikely
knowing his style of setting the board on fire but he did already play this
against the World Champion Magnus Carlsen few days back So I was kind of
expecting it .} 3. Nxe5 d6 4. Nf3 Nxe4 5. Nc3 Nxc3 6. dxc3 Be7 7. Be3 Nd7 8.
Qd2 Nf6 {The new trend which became extremely popular after the
Carlsen-Caruana WC match .} 9. O-O-O O-O 10. Bd3 d5 {The Chinese prodigy Wei
Yi played this a few times} (10... c5 {is the most popular option.}) 11. Rhe1
Bg4 12. Qe2 $5 $146 {I had prepared this nice novelty for a long time and was
very happy to use it in this game. The point is just to recapture the f3
knight with the queen threatening h3.} (12. Bg5 Ne4 13. Bxe4 dxe4 14. Bxe7 Qxe7
15. Qf4 f5 $15 {Nepomniachtchi,I (2773)-Wei,Y (2736) Abidjan 2019}) (12. h3
Bxf3 13. gxf3 Re8 14. f4 c5 $132 {Vachier Lagrave,M (2780)-Wei,Y (2736)
Abidjan 2019}) 12... Re8 {After a long thought Alexei went for this dubious
move. Perhaps it was better to play 12..c6 which was the main move in my
preparation.} (12... c6 13. h3 Bh5 14. g4 Bg6 15. Bxg6 hxg6 16. Kb1 $14) 13. h3
Bh5 14. g4 (14. c4 {was more accurate:} Bc5 (14... c6 15. cxd5 Qa5 (15... Nxd5
$2 16. c4 Nxe3 17. Bxh7+ $18) (15... cxd5 16. Bb5 Rf8 17. g4 Bg6 18. Ne5 $16)
16. d6 $1 Bxf3 (16... Bxd6 $2 17. g4 $18) 17. Qxf3 Bxd6 18. Kb1 $16) (14... Bb4
15. c3 Bc5 16. cxd5 Bxe3+ 17. fxe3 $14) 15. cxd5 Bxe3+ 16. fxe3 $16) 14... Bg6
15. Bxg6 (15. c4 $142 Bb4 16. c3 Bc5 17. cxd5 Bxe3+ 18. fxe3 $14) 15... hxg6
16. g5 $6 (16. c4 $142 {was the final chance to get a better version of this
c4 idea.}) 16... Ne4 17. c4 {With the pawn already on g5 White's h3 pawn is
quite loose.} (17. Qb5 $2 c6 18. Qxb7 Qa5 $19) 17... Bb4 (17... Qd7 $1 18. Rxd5
Qxh3 {During the game I assumed this to be very dangerous for Black with the
h-file open. But in fact Black gets good counterplay here and it is not clear
if White is even better because he is not in time to get Rh1 and double
something on the h-file threatening mate.}) 18. Rxd5 Qc8 19. Rh1 {Supporting
the h3 pawn.} c6 20. Rdd1 (20. Rd3 Qe6 21. Rb3 a5 $132) 20... Qf5 $6 {Now
White gets an extra tempo to consolidate his extra pawn.} (20... Qe6 21. Nd4) (
20... Bc5 $142) 21. Nd4 Qe5 (21... Qa5 22. Kb1 Rad8 23. Nb3 Qf5 24. Qg4 $16)
22. Qg4 Qc5 23. Nb3 (23. a3 $1 {As I saw 23.Nb3 is simply better, I somehow
didn't consider other options. This is a quite nice line winning the piece,
but White has to be bit careful and precise as his king is vulnerable now.}
Bxa3 24. Nb3 Qe7 (24... Qf8 25. Rd4 {transposes}) 25. Rd7 Qf8 26. Rd4 $1 Qe7
27. bxa3 Qxa3+ 28. Kd1 Nc3+ 29. Kd2 Qb4 30. Kd3 $18) 23... Qf5 24. Rd7 a5 25.
Rxb7 (25. a4 $1 {was precise:} b5 26. Qxf5 gxf5 27. cxb5 cxb5 28. axb5 a4 {
I was afraid of this pawn march during the game but it is nothing serious and
White has a clear advanatage.} 29. Nd2 a3 30. Kb1 f4 31. Nxe4 fxe3 32. Rd4 $16)
25... Nd6 26. Qxf5 gxf5 27. Rc7 Nxc4 28. Bc5 a4 $2 (28... Re2 {Although White
is better ,this was the best resistance}) 29. Bxb4 axb3 30. a3 Re2 31. cxb3
Nxb2 32. Rd7 {and the knight on b2 is trapped.} Rxf2 33. Bd2 Nc4 34. bxc4 Rxa3
35. Kb2 Rg3 36. h4 {The rest is simple.} f4 37. Kc2 f3 38. Rd3 Kh7 39. Kc3 Rfg2
40. Rf1 f2 41. Rxg3 Rxg3+ 42. Kd4 {Finally a win after a series of draws :)}
1-0

[Event "Linares 13th"]
[Site "Linares"]
[Date "1995.03.06"]
[Round "5"]
[White "Shirov, Alexei"]
[Black "Akopian, Vladimir Eduardovic"]
[Result "1-0"]
[WhiteElo "2710"]
[BlackElo "2655"]
[Annotator "Shirov,A"]
[PlyCount "97"]
[EventDate "1995.03.01"]
[EventType "tourn"]
[EventRounds "13"]
[EventCountry "ESP"]
[EventCategory "17"]
[SourceTitle "CBM 046"]
[Source "ChessBase"]
[SourceDate "1995.06.01"]
[SourceVersion "1"]
[SourceVersionDate "1995.06.01"]
[SourceQuality "1"]

1. e4 e5 2. Nf3 Nf6 3. Nc3 Bb4 4. Nxe5 O-O 5. Be2 Re8 6. Nd3 Bxc3 7. dxc3 Nxe4
8. Nf4 $1 d6 9. O-O Nd7 10. f3 $5 (10. c4 a5 (10... c6 $5 11. f3 $140 $2 Qb6+)
11. f3 Nec5 12. b3 Qf6 13. Rb1 c6 14. Nh5 $1 Qg6 15. Ng3 $14 {Shirov,A-Yusupov,
A/BL 9394/1994/}) 10... Nef6 11. c4 Qe7 12. Rf2 Qe5 13. Rb1 Nf8 14. b3 Bd7 15.
Nd3 (15. Nd5 $5 Nxd5 16. cxd5 $14) 15... Qe7 16. Bb2 Qe3 $1 (16... Ng6 17. Qd2
Qe3 18. Qc3 $14) 17. Nb4 (17. Qf1 Ng6 18. Re1 Qb6) 17... a5 18. Nd5 Nxd5 19.
cxd5 Ng6 20. Bf1 Nh4 $5 (20... Bf5 21. Rc1 Nf4 22. Bd4 Qe7 23. c4 $14) 21. c4
Nf5 22. Qd2 b6 23. Bc3 h5 24. Bd3 $1 (24. Qxe3 Nxe3 $10) 24... Re7 25. Qxe3
Rxe3 (25... Nxe3 26. Re1 Rae8 27. Rfe2 Bf5 28. Be4 $1 Ng4 29. h3 $1 (29. Bxf5
Rxe2 30. Rxe2 Rxe2 31. fxg4 Rxa2 $132) 29... Nh6 (29... Nf6 30. Bxf6 gxf6 31.
Kf2 $16) (29... Ne5 30. Bxf5 Nxf3+ 31. Kf2 Nxe1 32. Rxe1 $16) 30. Bd3 $1 Rxe2
31. Bxe2 $1 $14 (31. Rxe2 Rc8 $10)) 26. Rd2 Rae8 27. Kf2 R3e7 28. Rc1 $1 (28.
a3 Ne3 {/\ Bf5}) 28... f6 (28... Ne3 29. Re2 $1) 29. a3 Kf7 30. b4 axb4 31.
axb4 Ne3 32. Bd4 $1 (32. Re2 b5 $1) 32... Nf5 33. Bb2 Ne3 (33... Ra8 34. c5
bxc5 35. bxc5 g5 $14) 34. c5 bxc5 35. bxc5 Bf5 36. Ba6 $1 (36. Bb5 Bd7) 36...
Ra8 37. Be2 Bg6 $2 $138 (37... Bh7 38. cxd6 cxd6 39. Rc6 Rd8 40. Ba3 Nf5 41. g4
Ra7 $1 $14) 38. cxd6 cxd6 39. Rc6 Rd8 40. Ba3 Nf5 41. g4 hxg4 (41... Ra7 $2 42.
gxf5 Rxa3 43. fxg6+ $18) 42. fxg4 Nh6 43. Bxd6 Red7 44. Bc7 Re8 45. h3 Kg8 46.
Rc5 Rc8 47. d6 Nf7 48. Bb5 Nxd6 49. Bxd6 (49. Bxd7 Ne4+ 50. Ke2 $18) (49. Bxd6
Rxc5 50. Bxd7 $18) 1-0

[Event "Sharjah FIDE GP"]
[Site "Sharjah"]
[Date "2017.02.24"]
[Round "6"]
[White "Nepomniachtchi, Ian"]
[Black "Li, Chao B"]
[Result "1-0"]
[WhiteElo "2749"]
[BlackElo "2720"]
[Annotator "Silver,A"]
[PlyCount "57"]
[EventDate "2017.02.18"]
[EventType "swiss"]
[EventRounds "9"]
[EventCountry "UAE"]
[SourceTitle "CBM 177"]
[Source "ChessBase"]
[SourceDate "2017.03.16"]
[SourceVersion "1"]
[SourceVersionDate "2017.03.16"]
[SourceQuality "1"]

1. e4 e5 2. Nf3 Nf6 3. Nxe5 d6 4. Nf3 Nxe4 5. d4 d5 6. Bd3 Bd6 7. O-O O-O 8. c4
c6 9. Nc3 Nxc3 10. bxc3 dxc4 11. Bxc4 Bf5 12. Bg5 {The novelty, at least at
master level or greater. An odd one at first sight as it forces the queen away
to a better square it would normally do anyhow, and invites an attack to be
evicted. However, it will be clear the Russian has this well in mind and plays
very quickly.} Qc7 13. Re1 h6 14. Nh4 Bh7 {[#]} 15. Bxh6 $1 {Not only strong,
but still well part of Nepomniachtchi's preparation as the respective time per
move shows.} Bxh2+ {Unpleasant as the move came, Li Chao spends 26 minutes no
doubt trying to see what trouble he had landed in, and comes up with a good
reply.} ({The obvious question is what prevents him from just taking with} 
15... gxh6 16. Qg4+ Kh8 17. Nf5 Bxf5 18. Qxf5 Bxh2+ (18... f6 19. Re6 {This is
the main computer line, and considering how quickly White was playing, one can
be sure he knew it well and had it prepared.} Nd7 20. Rae1 Nb6 21. Bd3 {
and now the attack is overwhelming. The immediate threat is Re7!} Qd7 22. Qh5 {
and Black must lose material to save the king from an immediate demise.}) (
18... Nd7 $2 19. Bd3 Nf6 20. Qxf6+ {etc.}) 19. Kh1 Qf4 20. Qh3 {and the Bh2 is
trapped. However, as will be clear, this was still the best path for Black.})
16. Kh1 Bf4 {The fatal imprecision.} ({Best was} 16... gxh6 17. Qg4+ Kh8 18.
Nf5 Bxf5 19. Qxf5 Qf4 20. Qh3 {and it transposes to the note above.}) 17. Bxg7
$1 Kxg7 18. Qg4+ Kh8 19. Nf5 Bxf5 20. Qxf5 Qd6 21. g3 Bh6 22. Kg2 {With the
obvious idea of Rh1 attacking on the h-file.} b5 23. Bb3 Qg6 24. Qxg6 fxg6 25.
Re7 g5 26. Re6 Kg7 27. Rh1 Rh8 28. Re7+ Kg6 29. Bc2+ ({It is mate in six after
} 29. Bc2+ Kf6 30. Rhe1 g4 31. R1e6+ Kg5 32. Rg6+ Kh5 33. Re5+ Bg5 34. Rexg5#)
1-0